Cartilla 2016-2017. Informacin̤ Exg̤ena en Medios Magnťicos para la DIAN

Detalles Bibliográficos
Autor principal: Chavarro Cadena, Jorge Enrique
Otros Autores: Beltrǹ Triana, Jorge Enrique
Formato: Libro
Lenguaje:español
Publicado: Colombia Editorial Nueva Legislacin̤ 2016
Materias:
Acceso en línea:Acceso restringido

MARC

LEADER 00000nam a22000007a 4500
005 20160607122421.0
007 cr|||| ||u|
008 160607s2016 ck ||||| |||| 00||0 spa d
020 |a 978-958-59217-4-0 
035 |a 14286 
040 |a vLex  
090 |c 6165  |d 6165 
100 1 |a Chavarro Cadena, Jorge Enrique  
245 1 0 |a Cartilla 2016-2017. Informacin̤ Exg̤ena en Medios Magnťicos para la DIAN  |h [Recurso electrn̤ico] /   |c Jorge Enrique Chavarro Cadena  
256 |a Servicio en ln̕ea  
260 |a Colombia  |b Editorial Nueva Legislacin̤   |c 2016 
300 |a 1 recurso electrn̤ico (340 pg̀inas) 
500 |a Aplicacin̤ prc̀tica. Aǫ gravable 2015 a presentar 2016 y aǫ gravable 2016 a presentar 2017 
506 1 |a Contenido solo disponible en los productos indicados  |d vLex Global  |d vLex Global (Academic Edition, excluding Law Schools)  |d vLex Global (U.S. Academic Edition, Law Schools)  |d vLex Global (U.S. Academic Edition, excluding Law Schools)  |d vLex Global (Academic Edition, Law Schools) 
650 0 4 |a Derecho  |z Colombia 
700 1 |a Beltrǹ Triana, Jorge Enrique 
740 0 |a vLex libros (servicio en ln̕ea) 
856 4 0 |u http://vlex.com/source/cartilla-2016-2017-informacion-exogena-medios-magneticos-dian-14286  |z Acceso restringido  
942 |c BOOK